Normal view
MARC view
- LABERGE, ARMAND J,FRYKLUND, V. C
Entry Personal Name
001 - CONTROL NUMBER
- control field: 75317
003 - CONTROL NUMBER IDENTIFIER
- control field: NUST
005 - DATE AND TIME OF LATEST TRANSACTION
- control field: 20210628205406.0
008 - FIXED-LENGTH DATA ELEMENTS
- fixed length control field: 210628|| aca||aabn | a|a d
040 ## - CATALOGING SOURCE
- Original cataloging agency: NUST
- Transcribing agency: NUST
100 ## - HEADING--PERSONAL NAME
- Personal name: LABERGE, ARMAND J,FRYKLUND, V. C
670 ## - SOURCE DATA FOUND
- Source citation: Work cat.: (NUST): LABERGE, ARMAND J,FRYKLUND, V. C, GENERAL SHOP WOODWORKING, 1972
